The Chinese experience / (Запис № 480551)
[ простий вигляд ]
| 000 -LEADER | |
|---|---|
| fixed length control field | 01580cam a2200385Ii 4500 |
| 001 - CONTROL NUMBER | |
| control field | chineseexperienc00daws |
| 003 - CONTROL NUMBER IDENTIFIER | |
| control field | CaSfIA |
| 005 - DATE AND TIME OF LATEST TRANSACTION | |
| control field | 20210117223825.0 |
| 007 - PHYSICAL DESCRIPTION FIXED FIELD--GENERAL INFORMATION | |
| fixed length control field | cr|||| |
| 008 - FIXED-LENGTH DATA ELEMENTS--GENERAL INFORMATION | |
| fixed length control field | 781229s1978 nyuaf b 001 0 eng d |
| 010 ## - LIBRARY OF CONGRESS CONTROL NUMBER | |
| LC control number | 78059157 |
| 040 ## - CATALOGING SOURCE | |
| Original cataloging agency | DMM |
| Transcribing agency | DMM |
| Modifying agency | VRC |
| -- | OCL |
| -- | CUR |
| -- | OCLCQ |
| -- | BTCTA |
| -- | DRB |
| -- | NIALS |
| -- | CaSfIA |
| 019 ## - | |
| -- | 5576216 |
| 020 ## - INTERNATIONAL STANDARD BOOK NUMBER | |
| International Standard Book Number | 0684159120 : |
| Terms of availability | 25.00 |
| 020 ## - INTERNATIONAL STANDARD BOOK NUMBER | |
| International Standard Book Number | 9780684159126 |
| 035 ## - SYSTEM CONTROL NUMBER | |
| System control number | (OCoLC)4512685 |
| Canceled/invalid control number | (OCoLC)5576216 |
| 043 ## - GEOGRAPHIC AREA CODE | |
| Geographic area code | a-cc--- |
| 050 #4 - LIBRARY OF CONGRESS CALL NUMBER | |
| Classification number | DS721 |
| Item number | .D368 |
| 082 00 - DEWEY DECIMAL CLASSIFICATION NUMBER | |
| Classification number | 951 |
| 029 1# - (OCLC) | |
| OCLC library identifier | AU@ |
| System control number | 000001285553 |
| 029 1# - (OCLC) | |
| OCLC library identifier | AU@ |
| System control number | 000023869235 |
| 029 1# - (OCLC) | |
| OCLC library identifier | HEBIS |
| System control number | 02533185X |
| 100 1# - MAIN ENTRY--PERSONAL NAME | |
| Personal name | Dawson, Raymond Stanley. |
| 245 14 - TITLE STATEMENT | |
| Title | The Chinese experience / |
| Medium | [electronic resource] |
| Statement of responsibility, etc | Raymond Dawson. |
| 260 ## - PUBLICATION, DISTRIBUTION, ETC. (IMPRINT) | |
| Place of publication, distribution, etc | New York : |
| Name of publisher, distributor, etc | Scribner, |
| Date of publication, distribution, etc | 1978. |
| 300 ## - PHYSICAL DESCRIPTION | |
| Extent | xxv, 318 p., [24] p. of plates : |
| Other physical details | ill. ; |
| Dimensions | 25 cm. |
| 490 0# - SERIES STATEMENT | |
| Series statement | History of civilisation |
| 504 ## - BIBLIOGRAPHY, ETC. NOTE | |
| Bibliography, etc | Includes bibliographical references (p. 305-308) and index. |
| 506 ## - RESTRICTIONS ON ACCESS NOTE | |
| Standardized terminology for access restriction | Необхідна авторизація на https://archive.org/ (створення облікового запису безкоштовно) |
| 506 ## - RESTRICTIONS ON ACCESS NOTE | |
| Standardized terminology for access restriction | Необхідна авторизація на https://openlibrary.org/ (створення облікового запису безкоштовно) |
| 651 #0 - SUBJECT ADDED ENTRY--GEOGRAPHIC NAME | |
| Geographic name | China |
| General subdivision | Civilization. |
| 856 41 - ELECTRONIC LOCATION AND ACCESS | |
| Uniform Resource Identifier | <a href="http://www.archive.org/details/chineseexperienc00daws">http://www.archive.org/details/chineseexperienc00daws</a> |
| Public note | Free eBook from the Internet Archive |
| 856 42 - ELECTRONIC LOCATION AND ACCESS | |
| Uniform Resource Identifier | <a href="http://www.openlibrary.org/books/OL14506207M">http://www.openlibrary.org/books/OL14506207M</a> |
| Public note | Additional information and access via Open Library |
| 942 ## - ADDED ENTRY ELEMENTS (KOHA) | |
| Koha item type | ЕКнига |
Немає доступних примірників.